| 000 | 00357 a2200133 4500 | ||
|---|---|---|---|
| 082 | _a891.4393 | ||
| 100 |
_aAshna Koser _9108723 |
||
| 245 |
_aAe shama e koae jana part 1 _cAshna Koser |
||
| 260 |
_aLahore _bAl-Quraish Publications _c2009 |
||
| 300 | _a592 p. | ||
| 650 |
_aUrdu novel _92511 |
||
| 700 |
_aAshna Koser _9108723 |
||
| 942 |
_cBK _k891.4393 ASH _2ddc |
||
| 999 |
_c10872 _d10872 |
||